La madre tierra (Record no. 174053)

MARC details
000 -LEADER
campo de control de longitud fija 00831namaa22001691 4500
001 - NÚMERO DE CONTROL
campo de control 174053
003 - IDENTIFICADOR DE NÚMERO DE CONTROL
campo de control ES-MaACL
005 - FECHA Y HORA DE LA ÚLTIMA TRANSACCIÓN
campo de control 20230908063202.0
008 - DATOS DE LONGITUD FIJA--INFORMACIÓN GENERAL
campo de control de longitud fija 100210s1909 sp r |||| | spa d
100 1# - ENTRADA PRINCIPAL--NOMBRE DE PERSONA
Nombre de persona Amado, Enrique.
9 (RLIN) 234080
245 13 - MENCIÓN DEL TÍTULO
Título La madre tierra
Resto del título : paso de comedia de costumbres gallegas [en un acto] original y en prosa /
Mención de responsabilidad, etc. Enrique Amado.
260 ## - PUBLICACIÓN, DISTRIBUCIÓN, ETC.
Lugar de publicación, distribución, etc. Madrid :
Nombre del editor, distribuidor, etc. Sociedad de Autores Españoles,
Fecha de publicación, distribución, etc. 1909 (
Fabricante Talleres del diario El Mundo)
300 ## - DESCRIPCIÓN FÍSICA
Extensión 25 p. ;
Dimensiones 19 cm.
500 ## - NOTA GENERAL
Nota general En port.: Estrenado en el Teatro español la noche del 25 de febrero de 1909.
852 ## - LOCALIZACIÓN
Ubicación ES-MaACL
Número de control de estantería F-8648(5)
Nota libre - Enc. pasta española, conservando la cub. original
-- - Enc. en un vol. facticio formando parte de la col. facticia "Teatro español moderno" v. 105
-- - Dedicatoria autógrafa del autor
Holdings
Estatus retirado Estado de pérdida Estado de daño No para préstamo Biblioteca de origen Biblioteca actual Ubicación en estantería Fecha de adquisición Fuente de adquisición Total de préstamos Signatura topográfica completa Código de barras Visto por última vez Precio de reemplazo Tipo de ítem Koha
        Biblioteca del Ateneo de Madrid Biblioteca del Ateneo de Madrid Sala Pecera Planta 2 10/02/2010     F-8648(5) 1182702 23/02/2023 23/02/2023 Libro impreso